|
|
|
|
| LEADER |
00000cam a2200000 a 4500 |
| 001 |
vtls001059107 |
| 003 |
SK-MaSNL |
| 005 |
20260301152805.0 |
| 008 |
240226s1995 xo grf 000 0 slo |
| 015 |
|
|
|a SNBA1995/1002700
|
| 020 |
|
|
|a 809673721X
|
| 035 |
|
|
|a SNK000001925
|
| 035 |
|
|
|a urn:nbn:sk:snk-amkdyf
|
| 035 |
|
|
|a urn:nbn:sk:snk-am003xgj
|
| 035 |
|
|
|a 053F0D6D-17A3-472A-912E-B7020E88F5C7
|
| 040 |
|
|
|a SNK
|b slo
|c SNK
|e AACR2
|
| 041 |
0 |
|
|a slo
|
| 044 |
|
|
|a xo
|c SK
|
| 080 |
|
|
|a 943.767.1-21:262.13
|2 1981
|
| 080 |
|
|
|a 262.13(091)
|2 1981
|
| 080 |
|
|
|a 930.2
|2 1981
|
| 100 |
1 |
|
|a Markušová, Kristína
|4 aut
|9 12061
|
| 245 |
1 |
0 |
|a Pápeži a Košice
|c Tina Markušová
|
| 260 |
|
|
|a Sečovce
|b Pergamen
|a [s.l.]
|b Tragent
|c 1995
|
| 300 |
|
|
|a 34 s.
|b fotogr.
|c 21 cm
|
| 500 |
|
|
|a Súbež. text angl. a maď.
|
| 500 |
|
|
|a Fotogr. Ján Krlička a Alexander Jiroušek
|
| 650 |
0 |
7 |
|a pápeži
|2 SNKPH
|9 1971
|
| 650 |
0 |
7 |
|a historické pramene
|2 SNKPH
|9 1975
|
| 650 |
0 |
7 |
|a dejiny miest
|2 SNKPH
|9 164833
|
| 651 |
|
7 |
|a Košice (Slovensko)
|2 SNK
|9 18694
|
| 655 |
|
7 |
|a príručky
|2 SNKPH
|9 74364
|
| 700 |
1 |
|
|a Krlička, Ján
|4 pht
|9 513676
|
| 700 |
1 |
|
|a Jiroušek, Alexander,
|d 1934-2021
|4 pht
|9 223957
|
| 852 |
|
|
|a Slovenská národná knižnica
|
| 919 |
|
|
|a 80-967372-1-X
|
| 954 |
|
|
|a odborná, vedecká literatúra pôvodná (slovenská)
|2 lita
|
| 999 |
|
|
|c 790149
|d 792079
|
| 952 |
|
|
|t P60, <09>, [BOOK], {629}
|a SNK
|b SNK
|y NEVYP
|7 0
|0 0
|1 0
|4 0
|d 1995-09-08
|l 0
|r 2004-12-31 00:00:00
|w 2026-02-24
|
| 952 |
|
|
|a SNK
|b SNK
|y PREZ
|7 0
|p 17A1012206
|o snkSC 88930
|i snkKSP 7954/95
|0 0
|1 0
|4 0
|d 2012-08-20
|f 1
|l 0
|r 2025-09-08 00:00:00
|w 2026-02-24
|
| 952 |
|
|
|t P60, <04>, [BOOK], {604}
|a SNK
|b SNK
|y VYP
|7 0
|p 17A0002988
|o snkSC 88930 D1
|i snkKSP 7955/95
|0 0
|1 0
|4 0
|d 1995-09-08
|l 0
|r 2004-12-31 00:00:00
|w 2026-02-24
|